000 01347cam a2200337 a 4500
001 1634971
003 OSt
005 20140310182033.0
008 960528s1996 mau 001 0 eng
010 _a 96024684
020 _a0861711149 (alk. paper)
020 _a0861711386
040 _aDLC
_cDLC
_dDLC
041 1 _aeng
_htib
050 0 0 _aBT 205
_b.T45 1996
082 0 0 _aHS 232.9
_bT26 1996
100 0 _aBstan- d̓zin-rgya-mtsho
_cDalai Lama XIV,
_d1935-
_910402
245 1 4 _aThe good heart :
_ba Buddhist perspective on the teachings of Jesus /
_cHis Holiness the Dalai Lama ; introduction and Christian context by Laurence Freeman ; translation from the Tibetan and annotated by GesheThupten Jinpa ; edited and with a preface by Robert Kiely.
260 _aBoston :
_bWisdom Publications,
_cc1996.
300 _a207 p. ;
_c24 cm.
600 0 0 _aJesus Christ
_xBuddhist interpretations.
_910403
600 0 0 _aJesus Christ
_xTeachings.
_910404
650 0 _aChristianity and other religions
_xBuddhism.
_910405
650 0 _aBuddhism
_xRelations
_xChristianity.
_910406
700 1 _aKiely, Robert.
_910407
906 _a7
_bcbc
_corignew
_d1
_eocip
_f19
_gy-gencatlg
942 _2lcc
_cHS
999 _c8617
_d8617